Network security portable reference / (Record no. 1577)
[ view plain ]
| 000 -LEADER | |
|---|---|
| fixed length control field | 00849nac a22002171u 4500 |
| 010 ## - LIBRARY OF CONGRESS CONTROL NUMBER | |
| LC control number | 2004268305 |
| 020 ## - INTERNATIONAL STANDARD BOOK NUMBER | |
| International Standard Book Number | 007053280X |
| 035 ## - SYSTEM CONTROL NUMBER | |
| System control number | (OCoLC)ocm51913091 |
| 082 04 - DEWEY DECIMAL CLASSIFICATION NUMBER | |
| Classification number | 005.8 |
| Item number | H8231 |
| 090 ## - LOCALLY ASSIGNED LC-TYPE CALL NUMBER (OCLC); LOCAL CALL NUMBER (OCLC) | |
| -- | 1577 |
| -- | 1577 |
| 100 ## - MAIN ENTRY--PERSONAL NAME | |
| Personal name | Horton, Mike. |
| 245 10 - TITLE STATEMENT | |
| Title | Network security portable reference / |
| Statement of responsibility, etc | Mike Horton, Clinton Mugge. |
| 260 ## - PUBLICATION, DISTRIBUTION, ETC. (IMPRINT) | |
| Place of publication, distribution, etc | New York : |
| Name of publisher, distributor, etc | McGraw-Hill, |
| Date of publication, distribution, etc | c2003. |
| 300 ## - PHYSICAL DESCRIPTION | |
| Extent | xxv, 228 p. ; |
| Dimensions | 23 cm. |
| 440 #0 - | |
| -- | HackNotes |
| 650 #0 - SUBJECT ADDED ENTRY--TOPICAL TERM | |
| Topical term or geographic name as entry element | Computer networks |
| General subdivision | Security measures. |
| 856 42 - ELECTRONIC LOCATION AND ACCESS | |
| Materials specified | Publisher description |
| Uniform Resource Identifier | <a href="http://www.loc.gov/catdir/description/mh051/2004268305.html">http://www.loc.gov/catdir/description/mh051/2004268305.html</a> |
| 856 42 - ELECTRONIC LOCATION AND ACCESS | |
| Materials specified | Table of contents |
| Uniform Resource Identifier | <a href="http://www.loc.gov/catdir/toc/mh041/2004268305.html">http://www.loc.gov/catdir/toc/mh041/2004268305.html</a> |
| 942 ## - ADDED ENTRY ELEMENTS (KOHA) | |
| Item type | Book - Borrowing |
| Call number prefix | 005.8H8231 |
| Withdrawn status | Item status | Damaged status | Not for loan | Home library | Current library | Shelving location | Date acquired | Source of acquisition | Total Checkouts | Full call number | Barcode | Date last seen | Date last borrowed | Koha item type |
|---|---|---|---|---|---|---|---|---|---|---|---|---|---|---|
| Central Library | Central Library | Lower Floor | 06/11/2007 | Purchase | 1 | 005.8 HOR | 000002772 | 15/07/2025 | 27/07/2015 | Book - Borrowing |